| 000 | 00578nam a2200217 a 4500 | ||
|---|---|---|---|
| 001 | BRCA_7023 | ||
| 005 | 20190321142920.0 | ||
| 008 | 291111s1921----gw-#######---#000-0#ger-# | ||
| 041 | _ager | ||
| 044 | _agw | ||
| 050 | 4 | _b.B65 1921 | |
| 100 | 1 |
_aBölsche, Wilhelm _d1861-1939 _916359 |
|
| 245 | 1 | 0 |
_aVom Bazillus zum Affenmenschen _bNaturwissenschaftliche Plaudereien _cWilhelm Bölsche. |
| 260 |
_aJena _bE. Diederichs _c1921 |
||
| 300 |
_a319 p. _c22 cm. |
||
| 500 | _aL208 | ||
| 650 | 1 | 4 |
_aCiencia _914431 |
| 650 | 1 | 4 |
_aEvolución _916651 |
| 902 | _aGFM | ||
| 942 |
_2lcc _cB |
||
| 999 |
_c6704 _d6704 |
||